| 000 | 01789 a2200397 4500 | ||
|---|---|---|---|
| 001 | 200421974 | ||
| 003 | TR-AnTOB | ||
| 005 | 20260310143728.0 | ||
| 008 | 150513s2008 tu 000 0 d | ||
| 040 |
_beng _dTR-AnTOB _erda _aTR-AnTOB _cTR-AnTOB |
||
| 041 | _atur | ||
| 050 |
_aKKX2970.A31965 _bT67 2008 |
||
| 090 | _aKKX2970.A31965 T67 2008 | ||
| 110 | 1 |
_aTurkey. _tDevlet Memurları Kanunu _9147241 |
|
| 245 | 0 |
_a657 sayılı devlet memurları kanunu ve ilgili mevzuat / _c[derleyen] İbrahim Topuz. |
|
| 246 | _aAltıyüzelliyedi sayılı devlet memurları kanunu ve ilgili mevzuat | ||
| 264 |
_aAnkara : _bMahalli İdareler Derneği, _c2008. |
||
| 300 |
_a396 pages ; _c24 cm. |
||
| 336 |
_atext _2rdacontent _btxt |
||
| 337 |
_aunmediated _2rdamedia _bn |
||
| 338 |
_avolume _2rdacarrier _bnc |
||
| 490 | 0 |
_aMahalli İdareler Derneği _vyayın 76. Mevzuat serisi; 6 |
|
| 500 | _aMahalli İdareler Derneği tarafından bağışlanmıştır. | ||
| 650 | 7 |
_aDevlet hizmeti _zTürkiye _2etuturkob _932340 |
|
| 700 |
_aTopuz, İbrahim _9106031 |
||
| 740 | _a657 Sayılı Devlet Memurları Kanunu. | ||
| 740 | _a4483 Sayılı Memurlar ve Diğer Kamu Görevlilerinin Yargılanması Hakkında Kanun. | ||
| 740 | _a4982 Sayılı Bilgi Edinme Hakı Kanunu. | ||
| 740 | _a4505 Sayılı Sosyal Güvenlikle İlgili Bazı Kanunlarda Değişiklik Yapılması ve Temsil Tazminatı Ödenmesi Hakkında Kanun. | ||
| 740 | _aDevlet Memurları Sicil Yönetmeliği. | ||
| 740 | _aAsli devlet memurluğuna atananların yemin merasimi yönetmeliği. | ||
| 740 | _aDevlet memurlarının yer değiştirme suretiyle atanmalarına ilişkin yönetmelik. | ||
| 740 | _aDevlet memurlarının çekilmelerinde devir ve teslim süreleri hakkında yönetmelik. | ||
| 942 |
_cBK _2lcc |
||
| 999 |
_c200421974 _d38643 |
||